| 000 | 00815nam a22002297a 4500 | ||
|---|---|---|---|
| 999 |
_c7903 _d7903 |
||
| 003 | AR-CdUCM | ||
| 008 | 190321b ||||| |||| 00| 0 spa d | ||
| 040 |
_aMUNICIPALIDAD PROVINCIAL DEL CUSCO _cBIBLIOTECA MUNICIPAL DEL CUSCO |
||
| 082 |
_a782.4209856 / _bES77 |
||
| 245 |
_aHuaynos del Cusco / _bGloria y Gabriel Escobar |
||
| 260 |
_aCusco : _bGarcilaso, _c1981. |
||
| 300 |
_aXVI, 535 páginas ; _c21 cm. |
||
| 505 | _aContenido: Waynos en quechua - español ... | ||
| 650 |
_aHuaynos - Cuzco _922341 |
||
| 650 |
_aWaynos - Cusco - Canciones _922342 |
||
| 650 |
_aCanciones en quechua y español - Waynos _922343 |
||
| 650 |
_aCanciones floklóricas cusqueñas _922344 |
||
| 700 |
_aEscobar, Gloria _922345 |
||
| 700 |
_aEscobar, Gabriel ( Compiladores) _922346 |
||
| 942 |
_2ddc _cLIBROS |
||
| 945 | _alccs | ||